000 00422nam a2200181Ia 4500
001 19126
005 20260306171721.0
008 260306s9999||||xx |||||||||||||| ||und||
041 _aESP
082 _a658.8
_bL91
100 _aPipoli de Azambuja, Gina María
_eAUT
245 0 _aEffie Perú 2007
260 _c2007
300 _a370 páginas :
_ccm.
650 _aGEN
654 _aCAN
942 _cLIB
_dJUS
_fJUS
_2ddc
_n
999 _c19126
_d19126